Pengurusan Sekolah Cemerlang Menurut Islam

Bibliographic Details
Main Author: Mohd Hamidi Bin Hj.Abd.Hamid
Format: Book
Published: Pahang : Perniagaan Qomarul Roihan , 2002
Subjects:

MARC

LEADER 00000cam a2200000 7i4500
001 0000057585
005 20070730.0
008 070730s2002
020 |a 9834079818 
090 0 0 |a 371.20297 MOH 
100 1 |a Mohd Hamidi Bin Hj.Abd.Hamid 
245 0 0 |a Pengurusan Sekolah Cemerlang Menurut Islam   |c Mohd Hamidi Bin Hj.Abd.Hamid 
260 |a Pahang :   |b Perniagaan Qomarul Roihan ,   |c 2002 
300 |a xii,103p. :   |b ill. ;   |c 21cm. 
650 0 0 |a School-Administration   |z Islamic 
999 |a 0000101686   |b Buku   |c Rak Terbuka   |e Perpustakaan Cawangan Masjid Tanah 
999 |a 283309   |b Buku   |c Rak Terbuka   |e Perbadanan Perpustakaan Awam Melaka